| 000 | nam a22 a 4500 | ||
|---|---|---|---|
| 999 |
_c131902 _d131902 |
||
| 003 | BLK | ||
| 005 | 20210311163018.0 | ||
| 008 | 180409b bul|||||r ||||||| ||bul|| | ||
| 010 | _aKNG00137743000 | ||
| 040 | _aBLK | ||
| 041 |
_aBUL _cBUL |
||
| 080 |
_aДиалектически материализъм _b141.12:162.6 _z141.12:162.6 |
||
| 080 |
_aДиалектика. Еристика _b162.6 _z162.6 |
||
| 100 | 1 |
_aРозентал, Марк Мойсеевич _eпърви автор _9378298 |
|
| 139 |
_aРозентал, Марк Мойсеевич _bР 78 |
||
| 245 | 1 | 0 |
_aЗаконът за единството и борбата на противоположностите _cМарк Мойсеевич Розентал; прев. от рус. С. Ковачев. |
| 250 | _a2. изд. | ||
| 257 | _aSUN | ||
| 260 |
_bБРП (к.) _c1947 |
||
| 300 |
_a70 с. _c15 см |
||
| 380 | _a1 | ||
| 500 | _a1. изд. 1946. - 10 000 тир. | ||
| 650 | 4 |
_aМарксизъм-ленинизъм - философия _9277200 |
|
| 650 | 4 |
_aДиалектика - закони _9322993 |
|
| 650 | 4 |
_aДиалектически материализъм _9274150 |
|
| 653 | _aмарксизъм | ||
| 653 | _aдиалектика | ||
| 653 | _aдиалектически материализъм | ||
| 700 | 1 |
_aКовачев, С. _eпрев. от рус. _9378300 |
|
| 852 | _aЦб 1.150.21351 | ||
| 856 | 4 | _qpdf | |
| 856 | 4 | _qpdf | |
| 942 |
_cKNG _n0 _s1 |
||
| 944 |
_aCR _c09.01.2013 _lф / 09.01.2013 _kНаталия_Медовщикова |
||
| 944 |
_aED _c2021-03-11 _kКети |
||
| 999 | _d131902 | ||